000 00674nam a2200169Ia 4500
008 090711s9999 xx 000 0 und d
082 _b2190
100 _aगोरे भा. म.
245 _aनवी वसाहत ा
260 _bदा.ना.मोघे
_c1946
300 _a120
600 _aगोरे भा. म.
630 _aनवी वसाहत ा
700 _aगोरे भा. म.
730 _aनवी वसाहत ा
942 _cBOOK
999 _c305324
_d305324